Comunicación y conflicto socioambientales: Arturo Vallejos-Romero, Claudia Riquelme, Jaime Garrido
Guardado en:
| Autor principal: | |
|---|---|
| Otros Autores: | , |
| Formato: | Libro |
| Lenguaje: | Spanish |
| Etiquetas: |
Agregar Etiqueta
Sin Etiquetas, Sea el primero en etiquetar este registro!
|
MARC
| LEADER | 00000nam a22000007a 4500 | ||
|---|---|---|---|
| 003 | cru CIDCACS/IIS | ||
| 005 | 20171116160315.0 | ||
| 007 | ta | ||
| 008 | 171116s2017 mx |||p|r|||| 00| 0 spa d | ||
| 999 | |c 40625 |d 40625 | ||
| 040 | |c cru CIDCACS/IIS | ||
| 100 | 1 | |9 6034 |a Vallejos-Romero, Arturo | |
| 245 | 1 | |a Comunicación y conflicto socioambientales: |c una aproximación a la gobernanza de riesgos. Los casos de Castilla e HidroAysén en Chile/ |b Arturo Vallejos-Romero, Claudia Riquelme, Jaime Garrido | |
| 300 | |a páginas 97-117: |b tabla | ||
| 700 | 1 | |9 6035 |a Riquelme, Claudia | |
| 700 | 1 | |9 6036 |a Garrido, Jaime | |
| 773 | 0 | |0 19269 |9 1587 |a FLACSO, México |d México: FLACSO |o 18360 |t Perfiles Latinoamericanos / |x 01887653 | |
| 942 | |2 ddc |c PP | ||
